000 00336nam a22000977a 4500
008 150724b xxu||||| |||| 00| 0 eng d
010 _8HCCRS ARF:034
245 _aHIGH COURT CRIMINAL SESSION NO. 209 OF 1976 Uganda Vs (1)Eryabu Kanyamunyu (2) Walter Opany
260 _aHigh Court Kampala
500 _3Before: Hon. Mr. Justice P.A.P.J.Allen
999 _c8211
_d8211